LEADER 01124nam a2200253 i 4500 001 000000341678 003 CaOOAMICUS 005 20200824130851.0 008 200824s2018 it u000 u ita u 013 $a230387 020 $a978-88-00-00481-7 040 $aSeMil$bita 100 1 $aDelpini, Mario,$c.$0(OLS)http://semarc/name/90660 245 10$aNatale 2018. Lettera agli ammalati /$cMario Delpini Arcivescovo di Milano. 260 $aMilano :$bCentro Ambrosiano,$c2018. 300 $a1 pieghevole ;$c15 cm. 650 4$aMalattia - Meditazioni.$0(OLS)http://semarc/subject/12821 650 4$aDelpini, Mario - Scritti, discorsi, omelie, lettere pastorali, etc.$0(OLS)http://semarc/subject/44997 850 $aSeMil 852 $aSeMil$W1$xVenegono$y1$m5B III 49/19$j221037$B232696$CSeMilBibl$Z2$F232696 $81 996 $6020$a978-88-00-00481-7$9(OLS)http://semarc/number/291090 996 $6245$aNatale 2018. Lettera agli ammalati$9(OLS)http://semarc/title/430612 996 $6260$aMilano :$bCentro Ambrosiano$9(OLS)http://semarc/publisher/29766 LEADER 01267nam a2200277 4500 001 000000353611 003 CaOOAMICUS 005 20231009092819.0 008 230503s1951 it 000 u ita r 040 $aSeMil$bita 100 1 $aBachelard, Gaston,$d<1884-1942>.$0(OLS)http://semarc/name/17335 240 13$aLe nouvel esprit scientifique.$0(OLS)http://semarc/title/445845 245 13$aIl nuovo spirito scientifico /$cBachelard ; traduzione di Fortuna Albčrgamo ; introduzione di Francesco Albčrgamo. 264 1$aBari :$bLaterza,$c1951. 300 $a221 p. ;$c21 cm 490 1 $aFilosofi della scienza ;$v2 650 4$aScienza e filosofia.$0(OLS)http://semarc/subject/13899 650 4$aScienze - Filosofia.$0(OLS)http://semarc/subject/830 700 1 $aAlbčrgamo, Fortuna.$0(OLS)http://semarc/name/117507 700 1 $aAlbčrgamo, Francesco.$0(OLS)http://semarc/name/6512 830 0$aFilosofi della scienza ;$v2.$0(OLS)http://semarc/title/443696 850 $aSeMil 852 $aSeMil$W1$xVenegono$y1$m2P VII 83$j241542$B245546$CSeMilBibl$Z2$F245546 $81 996 $6245$aIl nuovo spirito scientifico$9(OLS)http://semarc/title/443695 996 $6264$aBari :$bLaterza$9(OLS)http://semarc/publisher/29858